Carregant...

Indo-US relations in to the 21st century

Dades bibliogràfiques
Autor principal: Chintamani Mahapatra
Format: Printed Book
Publicat: New Delhi Knowledgeworld 1998
Matèries:
LEADER 00431nam a22001217a 4500
082 |a 327.54073  |b CHI.I 
100 |a Chintamani Mahapatra 
245 |a Indo-US relations in to the 21st century 
260 |a New Delhi  |b Knowledgeworld  |c 1998 
650 |a Foreign Policy- India 
942 |c BK 
999 |c 10567  |d 10567 
952 |0 0  |1 0  |4 0  |6 327_540730000000000_CHI_I  |7 0  |9 12622  |a CAMPUS  |b CAMPUS  |d 2017-07-07  |l 0  |o 327.54073 CHI.I  |p 10167  |r 2017-07-07  |w 2017-07-07  |y BK